[Event "Gioiosa Marea op 22nd"]
[Site "Gioiosa Marea"]
[Date "2018.06.24"]
[Round "9"]
[White "Iannello, Andrea"]
[Black "Pinton, Maurizio"]
[Result "0-1"]
[WhiteElo "2099"]
[BlackElo "1980"]
[PlyCount "52"]
[EventDate "2018.06.17"]
[EventType "swiss"]
[EventRounds "9"]
[EventCountry "ITA"]
[SourceTitle "CBM 185 Extra"]
[Source "ChessBase"]
[SourceDate "2018.07.29"]
[SourceVersion "1"]
[SourceVersionDate "2018.07.29"]
[SourceQuality "1"]

1. e4 c5 2. b3 e6 3. Bb2 Nf6 4. Nc3 d5 5. exd5 exd5 6. d4 Nc6 7. Nge2 b6 8. Qd2 Bd6 9. g3 0-0 10. Bg2 cxd4 11. Nxd4 Nxd4 12. Qxd4 Re8+ 13. Kd2 Bc5 14. Qf4 Bd6 15. Qd4 Be5 16. Qd3 a5 17. Kc1 Ba6 18. Qd2 Rc8 19. Re1 d4 20. Ne4 Nd5 21. a3 f5 22. Ng5 Nc3 23. Nf3 d3 24. Rxe5 Ne2+ 25. Kb1 dxc2+ 26. Ka2 c1N+ 0-1

[Event "Gioiosa Marea op 22nd"]
[Site "Gioiosa Marea"]
[Date "2018.06.20"]
[Round "5"]
[White "Tondo, Salvatore"]
[Black "Iannello, Andrea"]
[Result "1/2-1/2"]
[WhiteElo "1872"]
[BlackElo "2099"]
[PlyCount "72"]
[EventDate "2018.06.17"]
[EventType "swiss"]
[EventRounds "9"]
[EventCountry "ITA"]
[SourceTitle "CBM 185 Extra"]
[Source "ChessBase"]
[SourceDate "2018.07.29"]
[SourceVersion "1"]
[SourceVersionDate "2018.07.29"]
[SourceQuality "1"]

1. Nf3 c5 2. e4 d6 3. c3 Nf6 4. Bd3 Nc6 5. 0-0 g6 6. Bc2 Bg7 7. d4 cxd4 8. cxd4 0-0 9. h3 a6 10. Nc3 b5 11. a3 d5 12. e5 Ne8 13. Bb3 Nc7 14. Bc2 a5 15. b3 Ba6 16. Re1 b4 17. Na4 Ne6 18. Be3 Bb5 19. Ng5 Nxg5 20. Bxg5 f6 21. exf6 exf6 22. Be3 Bxa4 23. bxa4 f5 24. f4 Re8 25. Kh1 Qf6 26. axb4 Nxb4 27. Bb3 Rad8 28. Rc1 Qa6 29. Rc5 Nd3 30. Rxd5 Rxd5 31. Bxd5+ Kh8 32. Qe2 Rd8 33. Ba2 Rb8 34. Rb1 Re8 35. Rd1 Nb4 36. Qxa6 Nxa6 1/2-1/2

[Event "Etna op 2nd"]
[Site "Nicolosi"]
[Date "2015.12.06"]
[Round "4"]
[White "Amberger, Dieter"]
[Black "Iannello, Andrea"]
[Result "1/2-1/2"]
[WhiteElo "2093"]
[BlackElo "1985"]
[PlyCount "49"]
[EventDate "2015.12.04"]
[EventType "swiss"]
[EventRounds "7"]
[EventCountry "ITA"]
[SourceTitle "CBM 170 Extra"]
[Source "ChessBase"]
[SourceDate "2016.02.25"]
[SourceVersion "1"]
[SourceVersionDate "2016.02.25"]
[SourceQuality "1"]

1. d4 Nf6 2. c4 e6 3. Nc3 Bb4 4. Qc2 0-0 5. a3 Bxc3+ 6. Qxc3 h6 7. Nf3 b6 8. g3 c5 9. Bg2 Bb7 10. 0-0 d6 11. Rd1 Qe7 12. dxc5 dxc5 13. Bf4 Rd8 14. Ne5 Bxg2 15. Kxg2 Qb7+ 16. Qf3 Qxf3+ 17. Kxf3 Nfd7 18. Nxd7 Rxd7 19. Bxb8 Rxd1 20. Rxd1 Rxb8 21. Rd7 a6 22. a4 b5 23. axb5 axb5 24. cxb5 Kf8 25. Rc7 1/2-1/2

[Event "Locri op 3rd"]
[Site "Locri"]
[Date "2015.07.13"]
[Round "1"]
[White "Manti, Elisa"]
[Black "Iannello, Andrea"]
[Result "0-1"]
[WhiteElo "1481"]
[BlackElo "1985"]
[PlyCount "102"]
[EventDate "2015.07.13"]
[EventType "swiss"]
[EventRounds "9"]
[EventCountry "ITA"]
[SourceTitle "EXT 2024"]
[Source "ChessBase"]
[SourceDate "2023.10.10"]
[SourceVersion "1"]
[SourceVersionDate "2023.10.10"]
[SourceQuality "1"]

1. e4 c5 2. Nc3 d6 3. Bc4 e6 4. d3 g6 5. f4 Bg7 6. Nf3 Ne7 7. h3 Nbc6 8. Bd2 a6 9. a4 Rb8 10. Rg1 Nd4 11. Be3 d5 12. Bxd4 cxd4 13. Ne2 dxc4 14. dxc4 Qa5+ 15. Qd2 Qxd2+ 16. Kxd2 Nc6 17. e5 f6 18. Nexd4 Nxd4 19. Nxd4 fxe5 20. fxe5 Bxe5 21. c3 0-0 22. Rgf1 Bd7 23. Ke2 Rxf1 24. Kxf1 Rf8+ 25. Ke2 Bg3 26. Rf1 Rxf1 27. Kxf1 Bxa4 28. Nxe6 Bb3 29. Nd4 Bxc4+ 30. Ne2 Bxe2+ 31. Kxe2 Kf7 32. Kd3 Ke6 33. Kc4 Kd6 34. b4 Bf2 35. Kd3 b6 36. g4 a5 37. bxa5 bxa5 38. Kc4 Kc6 39. Kb3 Kb5 40. c4+ Kc5 41. Ka4 Be1 42. Kb3 g5 43. Ka4 Kxc4 44. Ka3 Kb5 45. Kb3 a4+ 46. Ka3 Ka5 47. Ka2 Kb4 48. Kb2 a3+ 49. Ka2 Ka4 50. Ka1 Kb3 51. Kb1 a2+ 0-1

[Event "ITA-ch U16"]
[Site "Montesilvano"]
[Date "2015.07.03"]
[Round "6"]
[White "Iannello, Andrea"]
[Black "Corona, Rafaele"]
[Result "0-1"]
[WhiteElo "1985"]
[BlackElo "1844"]
[PlyCount "94"]
[EventDate "2015.06.29"]
[EventType "swiss"]
[EventRounds "9"]
[EventCountry "ITA"]
[SourceTitle "EXT 2024"]
[Source "ChessBase"]
[SourceDate "2023.10.10"]
[SourceVersion "1"]
[SourceVersionDate "2023.10.10"]
[SourceQuality "1"]

1. e4 d5 2. exd5 Qxd5 3. Nc3 Qa5 4. d4 Nf6 5. Nf3 Bf5 6. Bc4 e6 7. Bd2 Bb4 8. a3 Bxc3 9. Bxc3 Qb6 10. Qe2 0-0 11. Bb4 Re8 12. 0-0 Nbd7 13. Rfe1 c5 14. dxc5 Nxc5 15. Bc3 Nce4 16. Bd4 Qc7 17. h3 e5 18. Be3 a6 19. a4 Rac8 20. Bd3 Nd6 21. Bxf5 Nxf5 22. c3 Nd5 23. Nd2 Nfxe3 24. fxe3 Qb6 25. Nf3 f5 26. Rad1 Nf6 27. Kh1 Ne4 28. Kh2 Qg6 29. Rf1 Rc6 30. Qe1 f4 31. Rd5 Rce6 32. exf4 exf4 33. Qh4 Ng3 34. Rfd1 Qe4 35. R5d4 Qe2 36. Qxf4 Nf1+ 37. Kg1 Ne3 38. R1d2 Qf1+ 39. Kh2 Rg6 40. Nh4 Rf6 41. Qg3 Qc1 42. Rf2 Nf1+ 43. Rxf1 Rxf1 44. Qg4 Rh1+ 45. Kg3 Qe1+ 46. Kf4 Qe3+ 47. Kf5 Rf8# 0-1

[Event "Nicolosi Etna op 1st"]
[Site "Nicolosi"]
[Date "2014.12.07"]
[Round "5"]
[White "Seminara, Antonio"]
[Black "Iannello, Andrea"]
[Result "1/2-1/2"]
[WhiteElo "1963"]
[BlackElo "1904"]
[PlyCount "66"]
[EventDate "2014.12.05"]
[EventType "swiss"]
[EventRounds "7"]
[EventCountry "ITA"]
[SourceTitle "CBM 163 Extra"]
[Source "ChessBase"]
[SourceDate "2014.12.23"]
[SourceVersion "1"]
[SourceVersionDate "2014.12.23"]
[SourceQuality "1"]

1. d4 Nf6 2. Bg5 e6 3. e3 c5 4. c3 cxd4 5. exd4 Be7 6. Bd3 d6 7. Nf3 Nbd7 8. 0-0 b6 9. Nbd2 Bb7 10. h3 0-0 11. Qc2 h6 12. Bf4 Rc8 13. Bh2 Nd5 14. a3 a6 15. Rae1 b5 16. Qb1 N7b6 17. Ne4 Qd7 18. Nfd2 a5 19. f4 f5 20. Nf2 Bf6 21. Re2 Na4 22. Qa2 b4 23. c4 Ndc3 24. bxc3 Nxc3 25. Qb3 Nxe2+ 26. Bxe2 Bxd4 27. axb4 axb4 28. Qxb4 Rb8 29. Qa3 Ra8 30. Qd3 Bf6 31. c5 Ba6 32. Qe3 dxc5 33. Nc4 Rfb8 1/2-1/2

[Event "Nicolosi Etna op 1st"]
[Site "Nicolosi"]
[Date "2014.12.06"]
[Round "2"]
[White "Iannello, Andrea"]
[Black "Pace, Christopher"]
[Result "0-1"]
[WhiteElo "1904"]
[BlackElo "2095"]
[PlyCount "48"]
[EventDate "2014.12.05"]
[EventType "swiss"]
[EventRounds "7"]
[EventCountry "ITA"]
[SourceTitle "CBM 163 Extra"]
[Source "ChessBase"]
[SourceDate "2014.12.23"]
[SourceVersion "1"]
[SourceVersionDate "2014.12.23"]
[SourceQuality "1"]

1. e4 c5 2. Nf3 e6 3. c3 Nf6 4. e5 Nd5 5. d4 cxd4 6. cxd4 b6 7. Be2 d6 8. 0-0 Nd7 9. Nc3 Nxc3 10. bxc3 dxe5 11. d5 Be7 12. dxe6 fxe6 13. Bc4 Nc5 14. Qe2 0-0 15. Nxe5 Qc7 16. Re1 Bd6 17. h3 Bb7 18. Ng4 Rae8 19. Be3 h5 20. Bxc5 Qxc5 21. Bxe6+ Kh8 22. Ne5 Rxe6 23. Nf7+ Rxf7 24. Qxe6 Qxf2+ 0-1

[Event "ITA-ch U14"]
[Site "Tarvisio"]
[Date "2014.07.03"]
[Round "7"]
[White "Lodici, Lorenzo"]
[Black "Iannello, Andrea"]
[Result "1/2-1/2"]
[WhiteElo "2105"]
[BlackElo "1927"]
[PlyCount "28"]
[EventDate "2014.06.29"]
[EventType "swiss"]
[EventRounds "9"]
[EventCountry "ITA"]
[SourceTitle "EXT 2015"]
[Source "ChessBase"]
[SourceDate "2014.11.20"]
[SourceVersion "1"]
[SourceVersionDate "2014.11.20"]
[SourceQuality "1"]

1. f4 Nf6 2. Nf3 c6 3. g3 g6 4. Bg2 Bg7 5. 0-0 0-0 6. e3 d5 7. d3 Nbd7 8. Nc3 Qb6 9. h3 Re8 10. Kh2 e5 11. fxe5 Nxe5 12. Nxe5 Rxe5 13. e4 Rh5 14. Qe1 Ng4+ 1/2-1/2

[Event "Locri op 2nd"]
[Site "Locri"]
[Date "2014.04.19"]
[Round "7"]
[White "Guccione, Cristoforo"]
[Black "Iannello, Andrea"]
[Result "1/2-1/2"]
[WhiteElo "1800"]
[BlackElo "1876"]
[PlyCount "46"]
[EventDate "2014.04.16"]
[EventType "swiss"]
[EventRounds "7"]
[EventCountry "ITA"]
[SourceTitle "EXT 2017"]
[Source "ChessBase"]
[SourceDate "2016.10.25"]
[SourceVersion "1"]
[SourceVersionDate "2016.10.25"]
[SourceQuality "1"]

1. c4 e5 2. g3 d6 3. Bg2 g6 4. Nc3 Bg7 5. d3 f5 6. e4 c6 7. Nge2 Nf6 8. 0-0 0-0 9. d4 Qe7 10. Re1 Be6 11. d5 Bd7 12. f4 Nxe4 13. Nxe4 fxe4 14. fxe5 Bxe5 15. Nf4 c5 16. Bxe4 Qf6 17. Nd3 Bd4+ 18. Kg2 h5 19. Bh6 Bg4 20. Qd2 Bf3+ 21. Bxf3 Qxf3+ 22. Kh3 Qg4+ 23. Kg2 Qf3+ 1/2-1/2

[Event "Locri op 2nd"]
[Site "Locri"]
[Date "2014.04.16"]
[Round "2"]
[White "Iannello, Andrea"]
[Black "Cordi, Domenico"]
[Result "1-0"]
[WhiteElo "1876"]
[BlackElo "1993"]
[PlyCount "47"]
[EventDate "2014.04.16"]
[EventType "swiss"]
[EventRounds "7"]
[EventCountry "ITA"]
[SourceTitle "EXT 2017"]
[Source "ChessBase"]
[SourceDate "2016.10.25"]
[SourceVersion "1"]
[SourceVersionDate "2016.10.25"]
[SourceQuality "1"]

1. e4 Nf6 2. e5 Nd5 3. d4 d6 4. c4 Nb6 5. exd6 cxd6 6. Nf3 g6 7. Be2 Bg7 8. Be3 0-0 9. 0-0 N8d7 10. Nc3 Nf6 11. h3 Bf5 12. Rc1 d5 13. c5 Nc8 14. Ne5 Ne4 15. Qb3 Nxc5 16. Qxd5 Nd7 17. f4 Nd6 18. Qf3 Nb6 19. g4 Bd7 20. Rfd1 Be8 21. Qg3 f6 22. Nd3 Bf7 23. Bf3 Nbc4 24. Bf2 1-0

[Event "Locri op 2nd"]
[Site "Locri"]
[Date "2014.04.16"]
[Round "1"]
[White "Ljubisavljevic, Zivojin Z"]
[Black "Iannello, Andrea"]
[Result "1/2-1/2"]
[WhiteElo "2132"]
[BlackElo "1876"]
[PlyCount "88"]
[EventDate "2014.04.16"]
[EventType "swiss"]
[EventRounds "7"]
[EventCountry "ITA"]
[SourceTitle "EXT 2017"]
[Source "ChessBase"]
[SourceDate "2016.10.25"]
[SourceVersion "1"]
[SourceVersionDate "2016.10.25"]
[SourceQuality "1"]

1. c4 Nf6 2. Nc3 e6 3. e4 c5 4. f4 d6 5. Nf3 Nc6 6. d3 Be7 7. Be2 Nd4 8. 0-0 0-0 9. h3 d5 10. cxd5 exd5 11. e5 Nxe2+ 12. Nxe2 Ne8 13. Ng3 f6 14. Qe2 fxe5 15. Nxe5 Nd6 16. Bd2 Bf6 17. Kh2 Nf5 18. Nxf5 Bxf5 19. g4 Bxe5 20. fxe5 Be6 21. d4 b6 22. Bc3 Qe7 23. Qd2 cxd4 24. Bxd4 Rac8 25. Be3 Qc7 26. Bf4 Qc2 27. Kg3 Qxd2 28. Bxd2 Rc4 29. a3 a5 30. Be3 b5 31. Bb6 a4 32. Ba5 Rxf1 33. Rxf1 Re4 34. Bb4 Bf7 35. Bd6 h6 36. Rc1 Rc4 37. Re1 Re4 38. Rxe4 dxe4 39. Kf4 Bd5 40. Ke3 Kf7 41. Kd4 Bc4 42. Kxe4 g6 43. h4 h5 44. Kf4 Be2 1/2-1/2

[Event "ITA-ch U12"]
[Site "Courmayeur"]
[Date "2013.07.04"]
[Round "7"]
[White "Orfini, Nicolo"]
[Black "Iannello, Andrea"]
[Result "0-1"]
[WhiteElo "1588"]
[BlackElo "1812"]
[PlyCount "114"]
[EventDate "2013.06.30"]
[EventType "swiss"]
[EventRounds "9"]
[EventCountry "ITA"]
[SourceTitle "EXT 2024"]
[Source "ChessBase"]
[SourceDate "2023.10.10"]
[SourceVersion "1"]
[SourceVersionDate "2023.10.10"]
[SourceQuality "1"]

1. Nf3 d5 2. g3 Nf6 3. Bg2 e6 4. 0-0 Be7 5. d3 0-0 6. Nbd2 c5 7. Re1 Nc6 8. e4 Qc7 9. Qe2 Rb8 10. Nf1 dxe4 11. dxe4 e5 12. c3 b5 13. Bg5 Be6 14. h3 Rfd8 15. Bxf6 Bxf6 16. Ne3 Rd7 17. g4 a6 18. a4 Na5 19. axb5 axb5 20. g5 Be7 21. Nf5 Bc4 22. Nxe7+ Rxe7 23. Qe3 Bb3 24. Nd2 Be6 25. Bf1 Rd7 26. Nf3 Nc4 27. Bxc4 Bxc4 28. Rad1 Rbd8 29. Rxd7 Rxd7 30. Ra1 g6 31. Ne1 Qd6 32. Qf3 Rd8 33. Qg4 Qd2 34. h4 Be2 35. Qg3 Qxb2 36. Ra6 Qc1 37. f3 Qxc3 38. Ng2 b4 39. Rc6 b3 40. Rb6 b2 41. Kh2 Qxf3 42. Qxe5 c4 43. Rd6 Rb8 44. Rxg6+ hxg6 45. Qxb8+ Kh7 46. Qxb2 c3 47. Qa2 Bd3 48. Kg1 c2 49. Qa3 Qf1+ 50. Kh2 c1Q 51. Qa7 Bxe4 52. Qa2 Qxg2+ 53. Qxg2 Bxg2 54. Kxg2 Qd2+ 55. Kf3 Qd4 56. Kg3 f6 57. gxf6 Qxf6 0-1

[Event "Messina op 2nd"]
[Site "Messina"]
[Date "2012.08.29"]
[Round "4"]
[White "Arcidiaco, Francesco"]
[Black "Iannello, Andrea"]
[Result "0-1"]
[WhiteElo "1652"]
[BlackElo "1776"]
[PlyCount "46"]
[EventDate "2012.08.27"]
[EventType "swiss"]
[EventRounds "8"]
[EventCountry "ITA"]
[SourceTitle "EXT 2014"]
[Source "ChessBase"]
[SourceDate "2013.11.20"]
[SourceVersion "1"]
[SourceVersionDate "2013.11.20"]
[SourceQuality "1"]

1. d4 Nf6 2. c4 e6 3. Nc3 Bb4 4. a3 Bxc3+ 5. bxc3 0-0 6. Bg5 h6 7. Bh4 d5 8. e3 g5 9. Bg3 c5 10. h4 Ne4 11. hxg5 Nxg3 12. gxh6 Nf5 13. Qg4+ Kh7 14. Bd3 Rg8 15. Qf3 dxc4 16. Bc2 cxd4 17. exd4 Qg5 18. Rh5 Qxg2 19. Rxf5 exf5 20. Bxf5+ Bxf5 21. Qxf5+ Qg6 22. Qd5 Qxg1+ 23. Kd2 Qxf2+ 0-1